[Event "Internet Section 06B g/8'+2\""]
[Site "Dos Hermanas"]
[Date "2004.03.06"]
[Round "1"]
[White "ZWX308"]
[Black "Jarvinen, Grauno"]
[Result "1-0"]
[WhiteElo "1965"]
[BlackElo "2127"]
[PlyCount "115"]
[EventDate "2004.03.06"]
[EventType "swiss (blitz)"]
[EventRounds "9"]
[EventCountry "ESP"]
[SourceTitle "CBM 099 Extra"]
[Source "ChessBase"]
[SourceDate "2004.05.04"]
[SourceVersion "1"]
[SourceVersionDate "2004.05.04"]
[SourceQuality "1"]

1. e4 d5 2. exd5 Nf6 3. Nf3 Bg4 4. Be2 Nxd5 5. d3 e6 6. Nc3 Nxc3 7. bxc3 Bd6 8. h3 Bh5 9. 0-0 Nd7 10. Rb1 Rb8 11. Bg5 Be7 12. Bf4 0-0 13. c4 Nf6 14. Ne5 Bxe2 15. Qxe2 Bd6 16. Rfd1 Nd7 17. d4 Qe7 18. c3 Nxe5 19. Bxe5 Rfd8 20. Bxd6 cxd6 21. Qf3 Qc7 22. Qe2 Rdc8 23. d5 e5 24. Rb4 Qc5 25. Rdb1 b6 26. a4 a5 27. Rb5 Qxc4 28. Qxc4 Rxc4 29. Rxb6 Rxb6 30. Rxb6 Kf8 31. Rxd6 Rxa4 32. Ra6 Ra1+ 33. Kh2 Rc1 34. d6 Ke8 35. Rxa5 Rxc3 36. Rxe5+ Kd7 37. Re7+ Kxd6 38. Rxf7 Rc7 39. Rxc7 Kxc7 40. Kg3 Kd6 41. Kg4 Ke6 42. Kg5 Kf7 43. f4 Ke6 44. g4 Kf7 45. f5 Ke7 46. h4 Kf7 47. Kf4 Ke7 48. Ke5 Kf7 49. g5 Ke7 50. h5 Kf7 51. f6 h6 52. g6+ Kf8 53. Ke6 Kg8 54. Ke7 Kh8 55. Ke8 gxf6 56. Kf7 f5 57. g7+ Kh7 58. g8Q# 1-0